000 00329nam a2200133Ia 4500
008 240624s9999 xx 000 0 und d
041 _aeng
082 _a004.22 ENG
100 _aENGLANDER IRV
245 _aARCHITECTURE OF COMPUTER HARDWARE AND SY
250 _a(2nd ed.)
260 _c2002
_aSingapore
_bJohn Wiley
365 _cRS
999 _c1381
_d1381